Visualizzazione normale
Vista MARC
- Barceló Crespí, Maria,
di Personal Name
Records bibliografici associati: 1
001 - CONTROL NUMBER
- control field: 53102
003 - CONTROL NUMBER IDENTIFIER
- control field: IT-RoINE
005 - DATE AND TIME OF LATEST TRANSACTION
- control field: 20181009082707.0
008 - FIXED-LENGTH DATA ELEMENTS
- fixed length control field: 181009|| aca||aabn | a|a d
040 ## - CATALOGING SOURCE
- Original cataloging agency: IT-RoINE
- Transcribing agency: IT-RoINE
100 ## - HEADING--PERSONAL NAME
- Personal name: Barceló Crespí, Maria,
- Dates associated with a name: 1951-
670 ## - SOURCE DATA FOUND
- Source citation: Work cat.: (IT-RoINE): Barceló Crespí, Maria, 1951-, Clergues il·lustrats :, 2013.